[Event "Linares 20th"]
[Site "Linares"]
[Date "2003.03.09"]
[Round "14"]
[White "Kramnik, Vladimir"]
[Black "Leko, Peter"]
[Result "1/2-1/2"]
[WhiteElo "2807"]
[BlackElo "2736"]
[Annotator "Erenburg/Schluricke"]
[PlyCount "69"]
[EventDate "2003.02.22"]
[EventType "tourn"]
[EventRounds "14"]
[EventCountry "ESP"]
[EventCategory "20"]
[SourceTitle "EXT 2006"]
[Source "ChessBase"]
[SourceDate "2005.11.24"]
[SourceVersion "1"]
[SourceVersionDate "2005.11.24"]
[SourceQuality "1"]

1. e4 c5 2. Nf3 Nc6 3. Nc3 {Diese Variante war bis vor kurzem nicht so populär.
Die Hauptidee dieser Fortsetzung besteht darin, das Sweschnikow-System zu
vermeiden, in welchem Schwarz in letzter Zeit recht gute Resultate erzielte.
Aus diesem Grund wurde diese Variante zu einem häufigen Gast in der modernen
Praxis, auch bei Turnieren auf höchster Ebene.} e5 4. Bc4 d6 5. d3 Be7 6. O-O {
[%mdl 4]} (6. Nd2 {ist die Alternative.}) 6... Nf6 {Am besten. Von
zweifelhaftem Ruf sind 6...Be6?! und 6...Bg4?!:} (6... Be6 $6 {Gershon} 7. Nd5
$1 Nf6 8. Ng5 $1 Bxd5 9. exd5 Nb8 10. f4 (10. Bb5+ Nbd7 11. Ne6 fxe6 12. dxe6
O-O 13. exd7 a6 14. Bc4+ d5 15. Bb3 Qxd7 16. f4 e4 17. c4 dxc4 18. Bxc4+ Kh8
19. dxe4 $16 {Frolov,D-Aleksandrov,D/ St Petersburg 1997/ 1-0 (42)}) 10... exf4
$6 (10... Nbd7 $142) 11. Bxf4 $16 O-O 12. Qe2 Nbd7 (12... h6 $142 $16) 13. Rae1
Re8 14. Nxf7 $1 Kxf7 15. Qe6+ Kf8 16. g4 $1 $18 {Volokitin,A-Kozul,Z/ Portoroz
2001/ 1-0 (20)}) (6... Bg4 $6 {Kupreichik} 7. h3 Bh5 8. Nd5 Nf6 9. Ne3 Nd4 10.
g4 Bg6 11. c3 Nxf3+ 12. Qxf3 Qd7 (12... O-O $142 $14) 13. g5 Nh5 14. Nd5 Bd8
15. Qg4 a6 16. a4 f5 $6 (16... h6 $142 $16) 17. exf5 Qxf5 18. Qg2 Bf7 19. f4
$18 O-O 20. fxe5 Qxe5 21. Bd2 $18 {1-0 Kupreichik,V-Vaulin,A/ Tula 2002 (21)})
7. Ng5 $1 {Die prinzipiellste Fortsetzung. Damit gewinnt Weiß die Zeit zum
Hebel f2-f4 und bekommt gefährliches Spiel auf der halboffenen f-Linie.} O-O 8.
f4 {Die Ausgangsstellung dieser Variante.} exf4 {[%mdl 32768] Hier hat Schwarz
eine Vielzahl von Möglichkeiten:} ({Eine sehr logische Folge und auch eine der
Haupterwiderungen ist} 8... h6 {, welche häufig über Zugumstellung zur
Partiefortsetzung führt. Schwarz vertreibt den weißen Springer aus seiner
aktiven Stellung und erhält so das Feld e6 für seinen weißfeldrigen Läufer.} {
Viel beliebter ist aber} 9. Nf3 (9. Nh3 $5 {Die Idee dieses Zuges ist, die
f-Linie für den Turm offen zu halten.} Bg4 {kommt ebenfalls in Betracht.} (9...
exf4 10. Bxf4 Ne5 11. Bxe5 dxe5 12. Nd5 Be6 13. Nxf6+ Bxf6 14. Bxe6 Qd4+ 15.
Kh1 (15. Nf2 {Atlas} fxe6 16. c3 Qd6 17. Qe2 $14) 15... fxe6 16. c3 Qd6 17. Qe2
Rad8 18. Rf3 Be7 19. Rxf8+ Bxf8 20. Nf2 c4 21. Rd1 Qb6 22. h3 $14 {Atlas,
V-Nataf,I/ AUT-chT 2000/ 1/2-1/2 (43)}) 10. Qe1 Bxh3 11. gxh3 exf4 12. Bxf4 Nh5
13. Be3 Bg5 14. Kh1 Ne5 15. Bb3 Qd7 16. Bxg5 hxg5 17. Qe3 Nf4 18. Qg3 Qxh3 19.
Qxg5 Ne6 20. Qg3 Qxg3 21. hxg3 Nd4 22. Nd5 Rae8 23. Rad1 Nec6 24. c3 Nxb3 25.
axb3 f5 $11 {Landa,K-Kozlov,V/ Vladivostok op 1990/ 1/2-1/2 (64)}) 9... exf4 ({
Auf} 9... Be6 $6 {gelang es Weiß nach} 10. f5 $1 {in Vorteil zu kommen:} Bxc4
11. dxc4 Nd4 12. Qd3 a6 13. a4 Qd7 14. a5 Bd8 15. Nd2 $1 Rb8 16. Nd5 Nxd5 17.
exd5 $1 $16 {Kovalev,A-Votava,J/ Passau op 1995/ 1-0 (53)}) {Nach} 10. Bxf4 {
führt} Be6 {zur Partie.}) ({Meines Erachtens hat Schwarz keinerlei Probleme im
Abspiel} 8... Bg4 {und erreicht recht mühelos eine gleiche Stellung.}) 9. Bxf4
h6 (9... Na5 {ist eine äußerst logische Fortsetzung. Schwarz beabsichtigt, den
starken weißfeldrigen Läufer des Gegners zu tauschen, der häufig unangenehme
Drohungen gegen seinen Königsflügel aufstellt. Doch nach dem Tausch auf c4
wird Weiß eine recht bequeme Bauernstruktur erhalten, die ihm erlaubt, ernsten
Druck in der d-Linie auszuüben.}) 10. Nf3 Be6 (10... Ng4 $6 {räumt Weiß einen
bequemen Vorteil ein:} 11. h3 $1 (11. Nd5 $5 Nge5 12. Nxe5 Nxe5 (12... dxe5 13.
Be3 $16 {[%cal Gd1h5]}) 13. Qd2 $14) 11... Nge5 12. Nxe5 dxe5 13. Be3 Bd6 $6 (
13... Nd4 $142 $5 14. Qh5 Be6 $1 15. Bxe6 fxe6 16. Rxf8+ Bxf8 $14) 14. Qh5 Be6
15. Nd5 $40 (15. Bxh6 $1 {Comp Fritz8} gxh6 $140 16. Qxh6 {[%cal Gf1f3,Yf3g3]}
Be7 17. Rf3 Bh4 18. Nd5 $18 {[%cal Rd5f6]}) 15... Rc8 $2 (15... Nd4 $2 16. Nf6+
$1 gxf6 17. Bxh6 Re8 18. c3 $18) (15... Be7 $142 $16) 16. Rf3 $18 {[%cal Gd5f6]
} (16. Nf6+ $1 $18) 16... Nb4 17. Ne7+ Qxe7 18. Rg3 Bxc4 19. Rxg7+ Kxg7 20.
Bxh6+ {1-0 Delchev,A-Fernandez Siles,L/ Albacete op 2003 (20)}) 11. Nd5 $1 {
Kramnik wählt die aggressivste Fortsetzung.} (11. Qd2 {gestattet Schwarz den
Durchbruch} d5) 11... Bxd5 (11... Qd7 12. Qd2 Bxd5 13. exd5 $143 $6 (13. Bxd5
$142 $5 Nxd5 14. exd5 Nb4 15. c4 b5 (15... Qf5 16. d4 $16) 16. a3 Na6 17. Rae1
$14 {und die weißen Chancen sind vorzuziehen.}) 13... Nb4 14. Rae1 Rae8 15. a3
Nbxd5 16. Bxh6 gxh6 17. Qxh6 Qf5 18. Ng5 Qg6 19. Nxf7 $2 (19. Qxg6+ fxg6 20.
Ne6 Rf7 21. Ng5 Rff8 22. Ne6 $11) 19... Qxf7 20. Rf3 Qh7 $17 {Mitkov,
N-Kurajica,B/ Oberwart op 1991/ 0-1 (44)}) 12. exd5 $1 {Das ist die einzige
Methode, um Vorteil zu kämpfen. Danach hat Schwarz einige Schwierigkeiten, die
weiße Initiative zu neutralisieren.} ({Nach} 12. Bxd5 Nxd5 13. exd5 {gleicht
Schwarz mit} Ne5 $1 {aus.} {Im Fall von} 14. Nxe5 ({Auf} 14. Qd2 {erwidert
Schwarz} Ng6 {und erreicht gleiches Spiel.} 15. Bg3 Bf6 16. Rae1 (16. c4 Re8
17. Rae1 Qd7 18. d4 cxd4 19. Nxd4 Rxe1 20. Rxe1 Be5 $11 {Al Modiahki,
M-Shariyazdanov,A/ Dubai op 2000/ 1/2-1/2 (44)}) 16... Qd7 (16... Qb6 {Illescas
} 17. c4 Rfe8 18. b3 Rxe1 19. Rxe1 (19. Qxe1 $5 a5 20. h4 $36) 19... a5 {
Polgar,J-Illescas Cordoba,M/ Madrid 1995/ 0-1 (40)} 20. Qc2 $14) 17. c4 b5 18.
b3 a5 19. d4 bxc4 20. bxc4 cxd4 21. Nxd4 Bxd4+ 22. Qxd4 Rac8 23. h3 f6 24. Qe4
Ne5 25. Bxe5 fxe5 26. Rxf8+ Rxf8 27. c5 Qa7 28. Qe3 Qxc5 29. Qxc5 dxc5 30. Rxe5
c4 {1/2-1/2 Vouldis,A-Krasenkow,M/ Kavala op 2001 (30)}) 14... dxe5 15. Bxe5
Qxd5 $11 {ist die Stellung erneut absolut gleich.} 16. Bc3 Rae8 $11 {Podlesnik,
B-Sveshnikov,E/ Ljubljana 2002/ 0-1 (53)}) 12... Na5 ({Die prinzipiellste
Erwiderung auf} 12... Nb4 {lautet} 13. Bd2 $1 ({Der Punkt ist, dass Weiß nicht
sofort mit} 13. Nh4 $6 {einen Angriff auf den schwarzen König einleiten kann,
da Schwarz die starke Riposte} Nfxd5 $1 {hat.}) {Ich glaube, dass Schwarz in
dieser Stellung vor ernsten Problemen steht. Nach} 13... Nbxd5 14. Nh4 $1 {
ist seine Stellung sowohl nach 14...Nb6 als auch nach 14...Nc7 unangenehm:} Nc7
(14... Nb6 15. Nf5 $40 Nxc4 $6 (15... d5 $142 16. Qe1 $1 dxc4 $2 (16... Bd6
$142 {Sutovsky} 17. Qh4 Ne8 18. Qg4 $1 $44 {->}) 17. Nxe7+ Kh7 $2 (17... Kh8
$142 18. Rxf6 gxf6 19. Bxh6 $16) 18. Rxf6 $1 $18 gxf6 19. Qe4+ Kh8 20. Bc3 $1
Qd6 21. Nf5 {1-0 Tiviakov,S-Ledger,S/ Catalan Bay op 2003 (21)} (21. Rf1 $1 $18
{Comp Fritz8})) 16. dxc4 $16 Nh7 17. Bf4 (17. Qg4 {Sutovsky} Bg5 18. Qg3 $16 {
/\ h4 >< d6} (18. Rad1)) 17... Bf6 18. Bxd6 Re8 19. Qg4 Bd4+ 20. Kh1 Qg5 21.
Qf3 Bxb2 22. Rab1 Bf6 23. Rxb7 $16 {Smirin,I-Avrukh,B/ ISR-ch Tel Aviv 2002/
1-0 (33)}) 15. Nf5 d5 16. Bb3 $44 Kh7 17. c3 Ng8 18. Qf3 Bg5 19. Be1 Ne7 20. h4
Nxf5 21. Qxf5+ g6 22. Qh3 Be7 23. h5 a5 24. Bd2 g5 25. d4 $16 {Macieja,
B-Bobras,P/ POL-ch Warsaw 2002/ 1-0 (46)}) 13. Nh4 $1 {Der direkte Weg für den
Springer zum idealen Vorposten f5.} Nxc4 {Es wurde auch 13...Qd7?! und 13...
b5?! versucht, aber Schwarz konnte den Angriff in beiden Fällen nicht parieren.
} ({Zu erwägen ist jedoch} 13... g5 $5 {, das bisher noch nicht gespielt wurde,
z.B.:} 14. Nf5 $5 gxf4 15. Nxh6+ (15. Re1 Re8 16. Bb5 Bf8 17. Bxe8 Nxe8 18. Qd2
Qg5 $1 $14) (15. Rxf4 Kh7 $16) 15... Kh7 16. Nf5 Rg8 17. Qe1 {Meyer,CD} (17.
Rxf4 $5 Rg6 $1 (17... Rg5 18. Qf3 Nxc4 19. dxc4 Bf8 20. Rf1 $44) 18. Qf3 Nxc4
19. dxc4 Bf8 20. Rf1 Bg7 21. Qe3 $13) 17... Rg5 18. Nxe7 Re5 19. Qh4+ Kg7 20.
Rxf4 Qxe7 21. Raf1 Nh5 $1 22. Qg4+ Qg5 23. Rxf7+ Kh6 $13 {unklar, z.B.} 24. Qd7
Qe3+ 25. R1f2 (25. Kh1 $4 Ng3+ $1 $19) 25... Qe1+ 26. Rf1 Qe3+ $11) (13... Qd7
$6 {Meyer,CD} {Einfach und stark ist dagegen} 14. Bd2 $142 $1 {, und Weiß
erhält seine erwünschte Druckstellung:} (14. Bxh6 $6 {ist zu übermütig!} Nxc4 (
14... gxh6 15. Nf5 Nxc4 {ist nur Zugumstellung.}) 15. Nf5 gxh6 16. dxc4 Rfe8 $2
{Schwarz revanchiert sich für das provokante Opfer auf schlimme Weise.} (16...
Kh8 $142 $1 {wäre hingegen der Härtetest:} 17. Nxh6 Nh7 $1 18. Qd3 Bg5 19. Qc3+
f6 20. Nf5 Rae8 21. h4 Re5 $13 {/ =/+}) 17. Nxh6+ Kg7 (17... Kh7 $142 {Comp
Fritz8} 18. Qd2 Rg8 {[%cal Gg8g6]} 19. Nxg8 Rxg8 $16) 18. Qd2 $18 {Gallagher,
J-Heidrich,M/ BL0203 GER-chT 2003/ 1-0 (32)}) 14... Nxc4 15. dxc4 $16 {-> 14...
Qd7?! - Kovalev,A-Sveshnikov,E/ Rowy op 1999}) (13... b5 $6 14. Nf5 $1 bxc4 15.
Bxh6 gxh6 16. Nxh6+ Kh7 17. Nf5 cxd3 $2 (17... Rh8 $142 18. Qe1 Nxd5 19. Qe4
$44) 18. Qxd3 Kh8 19. Rae1 $1 $18 {Sutovsky,E-Smirin,I/ ISR-ch Tel Aviv 2002/
1-0 (24)}) 14. dxc4 Nxd5 $5 $146 {[%mdl 8] Diese Neuerung ist eine Verstärkung.
} ({Der vormals gespielte Ausgleichsversuch mit} 14... Qd7 $6 {scheiterte:} 15.
Bd2 $1 Qg4 (15... Ng4 $143 16. Nf5 Ne5 17. Qh5 $16 {/ +-}) 16. Nf5 $16 Rfe8 {
Kovalev,A-Sveshnikov,E/ Rowy op 1999/ 1-0 (52)} 17. Bxh6 $1 $16) 15. Qxd5 (15.
Ng6 {Meyer,CD} fxg6 16. Qxd5+ Kh7 17. Rae1 Qd7 18. c3 Rae8 $11) 15... Bxh4 16.
Rad1 $1 $14 {Meines Erachtens sind die weißen Chancen leicht besser, doch
Schwarz kann mit genauem Spiel Remis erreichen.} (16. Bxd6 {Meyer,CD} Be7 17.
Be5 $14) 16... b6 $1 (16... Qb6 {Meyer,CD} 17. Bxd6 Rad8 18. b4 (18. Qe5 Rfe8
19. Qf4 Bf6 20. Bc7 Rxd1 21. Bxb6 Bd4+ 22. Kh1 Ree1 23. Qxf7+ $11 {Dauerschach}
) 18... cxb4+ (18... Qxb4 19. Qf5 Qxc4 20. Bxf8 Rxf8 21. Rd7 $14 Bf6 22. Rxb7
Bd4+ 23. Kh1 Qxa2 24. c3 g6 25. Qf3 Bg7 26. Rc7 Qa5 27. Rxf7 Rxf7 28. Qxf7+ Kh7
29. c4 Qc3) 19. c5 Qb5 20. Qe4 Bg5 21. Bxf8 Rxf8 22. Rf5 $14) 17. Bxd6 (17. Qf3
{Meyer,CD} Bf6 (17... Be7 18. Qg3 Bh4 19. Qg4 Bf6 20. Bxd6 Re8 21. Bxc5 Qc8 22.
Qxc8 Raxc8 23. Bd4 Bxd4+ 24. Rxd4 $14) 18. Bxd6 Bd4+ 19. Rxd4 cxd4 20. Bxf8
Qxf8 21. Qd5 Re8 (21... Rd8 {Leko} 22. Rxf7 Rxd5 23. Rxf8+ Kxf8 24. cxd5 Ke7
25. Kf2 Kd6 26. Kf3 Kxd5 $11) 22. Qxd4 Re2 $11) 17... Be7 18. Be5 Bg5 $5 (18...
Qxd5 {Leko} 19. cxd5 $14) 19. Bd6 (19. Qf3 $5 Qe7 20. Rfe1 {Meyer,CD} (20. Rde1
{Leko} Rae8 (20... Qd7 $5) 21. Qg3 $1 Qd7 $1 22. h4 Rxe5 23. Qxe5 Bxh4 $132)
20... Rfe8 21. Qg3 Rad8 $11) 19... Be7 20. Bf4 Bf6 $1 21. c3 (21. Qf3 {Meyer,CD
} Qc8 22. c3 Qe6 (22... Qf5 23. Bxh6 Qxf3 24. Rxf3 Bxc3 25. Rxc3 gxh6 26. Rg3+
Kh7 27. Rd7 Rad8 28. Rgd3 Rxd7 29. Rxd7 $16) (22... Re8 23. Bxh6 Qe6 24. Rd5
Bxc3 25. bxc3 gxh6 $14) 23. Rd5 $14 (23. Bxh6 Qxc4)) 21... Qxd5 $5 22. cxd5
Rad8 23. Bxh6 $5 (23. Rfe1 {Meyer,CD} Rd7 24. Be5 Bxe5 25. Rxe5 c4) 23... Bxc3
24. bxc3 gxh6 25. Rfe1 (25. c4 {Meyer,CD} Rfe8 $11) (25. Rf6 $5 {Leko} Kg7 26.
Rc6 $11) 25... Rd7 26. c4 a6 $1 27. a4 b5 $1 $11 28. axb5 axb5 29. cxb5 Rb8 30.
d6 Rxb5 31. Re7 Rbb7 32. Rxd7 Rxd7 33. Kf2 Kg7 34. Kf3 Kf6 $11 35. Rd5 1/2-1/2

[Event "Amber-rapid 12th"]
[Site "Monte Carlo"]
[Date "2003.03.20"]
[Round "5"]
[White "Bareev, Evgeny"]
[Black "Kramnik, Vladimir"]
[Result "1/2-1/2"]
[WhiteElo "2729"]
[BlackElo "2807"]
[PlyCount "77"]
[EventDate "2003.03.15"]
[EventType "tourn (rapid)"]
[EventRounds "11"]
[EventCountry "MNC"]
[EventCategory "19"]
[SourceTitle "CBM 093 Extra"]
[Source "ChessBase"]
[SourceDate "2003.05.09"]
[SourceVersion "1"]
[SourceVersionDate "2003.05.09"]
[SourceQuality "1"]

1. d4 Nf6 2. c4 e6 3. Nc3 Bb4 4. e3 O-O 5. Nge2 d5 6. a3 Bd6 7. c5 Be7 8. b4 b6
9. Ng3 c6 10. Be2 a5 11. Rb1 Nbd7 12. O-O axb4 13. axb4 Ba6 14. Re1 Qc8 15. Qc2
Bxe2 16. Ngxe2 bxc5 17. bxc5 Qa6 18. Bd2 Rfb8 19. f3 Rxb1 20. Rxb1 e5 21. Kf2
Re8 22. Rd1 exd4 23. exd4 Bd8 24. Bf4 Qc4 25. Qd3 Qb4 26. Qb1 Qc4 27. Qd3 Qb4
28. Na2 Qa4 29. Nec3 Qa3 30. Bc1 Qa7 31. g3 Ba5 32. Bg5 h6 33. Bxf6 Nxf6 34.
Ne2 Be1+ 35. Kxe1 Qxa2 36. Rd2 Qa1+ 37. Rd1 Qa2 38. Rd2 Qa1+ 39. Rd1 1/2-1/2

[Event "Dortmund SuperGM 31st"]
[Site "Dortmund"]
[Date "2003.08.01"]
[Round "2"]
[White "Bologan, Viktor"]
[Black "Kramnik, Vladimir"]
[Result "1/2-1/2"]
[WhiteElo "2650"]
[BlackElo "2785"]
[Annotator "Rogozenco,D"]
[PlyCount "53"]
[EventDate "2003.07.31"]
[EventType "tourn"]
[EventRounds "10"]
[EventCountry "GER"]
[EventCategory "18"]
[SourceTitle "CBM 097"]
[Source "ChessBase"]
[SourceDate "2003.11.11"]
[SourceVersion "1"]
[SourceVersionDate "2003.11.11"]
[SourceQuality "1"]

1. e4 c5 2. Nf3 Nc6 3. d4 cxd4 4. Nxd4 Nf6 5. Nc3 e5 6. Ndb5 d6 7. Bg5 a6 8.
Na3 b5 9. Bxf6 gxf6 10. Nd5 f5 11. Bd3 Be6 12. O-O Bxd5 13. exd5 Ne7 14. Re1
Bg7 15. c3 (15. Rb1 {is another plan - to play for c2-c4. Rb1 is needed tp
protect pawn b2 after Black's ...e4.}) 15... O-O 16. Qh5 (16. Nc2 Re8 (16... e4
17. Bf1 Ng6 18. Qh5 Qd7 19. Rad1 Rae8 20. Nd4 Bxd4 21. Rxd4 Re5 22. Qh3 Qe7 23.
c4 bxc4 24. Bxc4 Kh8 25. Qc3 Rg8 26. Re3 Rg7 27. Rh3 f4 $36 {0-1 Djingarova,
E-Vijayalakshmi,S/Szeged 1994 (35)}) 17. Qh5 e4 18. Bf1 Nxd5 19. Qxf5 Re5 20.
Qh3 Nf4 21. Qg4 Ne6 22. f4 exf3 23. Qxf3 Ng5 24. Qb7 Ne4 25. Nb4 (25. Rxe4 Rb8
26. Qc6 Rb6) 25... Re7 26. Qc6 d5 {1/2-1/2 Inarkiev,E-Babula,V/Pardubice 2003})
16... e4 17. Bf1 $146 {This is the main difference to the main lines and the
idea behind 14.Re1. Ideally the bishop is better placed on the diagonal b1-h7,
but on the other hand on square c2 it stays on knight's way.} Re8 18. Rad1 (18.
Nc2 Nxd5 19. Qxf5 Re5 {transposes to the above-given Inarkiev-Babula}) 18...
Qc8 19. Nc2 Ng6 20. Nb4 (20. Nd4 Bxd4 21. Rxd4 Re5 $13) 20... Ne5 (20... f4 $5
{[%cal Gf7f5]}) 21. Nc2 Ng6 22. Nb4 Ne5 23. h3 Rb8 24. Nc2 Ng6 {The position
is totally new and neither of the opponents wanted to take any risk to be the
first explorers...} 25. Nb4 Ne5 (25... f4 26. Nc6 Rb7 {[%cal Gf7f5,Yb7f7]} 27.
a4 $36) 26. Nc2 Ng6 27. Nb4 1/2-1/2